[Event "SpeedChess Final 2024"]
[Site "Paris FRA"]
[Date "2024.09.08"]
[Round "2.13"]
[White "Carlsen, Magnus"]
[Black "Firouzja, Alireza"]
[Result "1-0"]
[WhiteTitle "GM"]
[BlackTitle "GM"]
[WhiteElo "2832"]
[BlackElo "2767"]
[WhiteFideId "1503014"]
[BlackFideId "12573981"]
[EventDate "2024.09.06"]
[EventType "k.o."]

1. d4 Nf6 2. c4 e6 3. Nf3 d5 4. Nc3 Bb4 5. Bg5 Nbd7 6. e3 h6 7. Bh4 g5 8. Bg3
Ne4 9. Nd2 Nxg3 10. hxg3 c6 11. Qc2 Bf8 12. f4 Bg7 13. O-O-O Qe7 14. Kb1 Nf6 15.
Be2 Bd7 16. e4 dxe4 17. Ndxe4 O-O-O 18. c5 Kb8 19. Nxf6 Bxf6 20. Ne4 Bc8 21. Qc3
Bg7 22. Rd2 Rhg8 23. Rhd1 Qc7 24. Qe3 Bf8 25. Bf3 f5 26. Nc3 Bg7 27. Bh5 Bf6 28.
a3 Rg7 29. Ne2 gxf4 30. gxf4 Rxg2 31. Rh1 Qg7 32. Rdd1 Qe7 33. Bf3 Rg6 34. Nc1
Qc7 35. Ka2 Bg7 36. Bh5 Rf6 37. Nd3 Rff8 38. Ne5 Bxe5 39. dxe5 Rd5 40. Bf3 Rxd1
41. Bxd1 Rd8 42. Bb3 Qg7 43. Qf2 a5 44. a4 Rd3 45. Bc4 Rd8 46. Bb3 Qg6 47. Qe1
Rd4 48. Qxa5 Qg7 49. Rd1 Rxf4 50. Rd8 Qe7 51. Qb6 Re4 52. a5 Qc7 53. Bxe6 1-0

[Event "SpeedChess Final 2024"]
[Site "Paris FRA"]
[Date "2024.09.08"]
[Round "2.14"]
[White "Firouzja, Alireza"]
[Black "Carlsen, Magnus"]
[Result "0-1"]
[WhiteTitle "GM"]
[BlackTitle "GM"]
[WhiteElo "2767"]
[BlackElo "2832"]
[WhiteFideId "12573981"]
[BlackFideId "1503014"]
[EventDate "2024.09.06"]
[EventType "k.o."]

1. e4 e5 2. Nf3 Nc6 3. Bc4 Nf6 4. d3 Be7 5. O-O O-O 6. Re1 d6 7. a4 a5 8. c3 h6
9. Nbd2 Be6 10. b3 d5 11. exd5 Nxd5 12. Qc2 Nf4 13. Nxe5 Nxe5 14. Rxe5 Bf6 15.
Re3 Nd5 16. Bxd5 Bxd5 17. Ne4 Re8 18. Bb2 Bg5 19. Re2 f5 20. c4 fxe4 21. cxd5 e3
22. fxe3 Rxe3 23. Rae1 Rxe2 24. Rxe2 Bf6 25. Bxf6 Qxf6 26. Re4 Rf8 27. h3 Qf1+
28. Kh2 Rf2 0-1

[Event "SpeedChess Final 2024"]
[Site "Paris FRA"]
[Date "2024.09.08"]
[Round "2.15"]
[White "Carlsen, Magnus"]
[Black "Firouzja, Alireza"]
[Result "1/2-1/2"]
[WhiteTitle "GM"]
[BlackTitle "GM"]
[WhiteElo "2832"]
[BlackElo "2767"]
[WhiteFideId "1503014"]
[BlackFideId "12573981"]
[EventDate "2024.09.06"]
[EventType "k.o."]

1. d4 Nf6 2. c4 g6 3. Nc3 Bg7 4. e4 d6 5. Nf3 O-O 6. Be2 e5 7. O-O h6 8. Re1
Nbd7 9. Bf1 Re8 10. Rb1 b6 11. d5 a5 12. a3 a4 13. Be3 Ng4 14. Nxa4 Nxe3 15.
Rxe3 f5 16. Nc3 f4 17. Re1 g5 18. h3 Nf6 19. Nh2 Rf8 20. Be2 Qe8 21. Ng4 Nh7 22.
Nh2 Nf6 23. Ng4 Nh7 24. Nh2 Nf6 1/2-1/2

[Event "SpeedChess Final 2024"]
[Site "Paris FRA"]
[Date "2024.09.08"]
[Round "2.16"]
[White "Firouzja, Alireza"]
[Black "Carlsen, Magnus"]
[Result "1-0"]
[WhiteTitle "GM"]
[BlackTitle "GM"]
[WhiteElo "2767"]
[BlackElo "2832"]
[WhiteFideId "12573981"]
[BlackFideId "1503014"]
[EventDate "2024.09.06"]
[EventType "k.o."]

1. e4 e5 2. Nf3 Nc6 3. Bb5 a6 4. Ba4 Nf6 5. O-O Be7 6. d3 b5 7. Bb3 O-O 8. c3 d6
9. h3 Nb8 10. Re1 Nbd7 11. d4 c5 12. Nbd2 Re8 13. Nf1 cxd4 14. cxd4 exd4 15.
Nxd4 Bb7 16. Ng3 Bf8 17. Bg5 h6 18. Bxf6 Nxf6 19. Qd3 Qb6 20. Rad1 Rad8 21. Ndf5
g6 22. Nh4 d5 23. e5 Ne4 24. Nxe4 dxe4 25. Qg3 Kg7 26. Nf5+ Kg8 27. Nd6 1-0

[Event "SpeedChess Final 2024"]
[Site "Paris FRA"]
[Date "2024.09.08"]
[Round "2.17"]
[White "Carlsen, Magnus"]
[Black "Firouzja, Alireza"]
[Result "1-0"]
[WhiteTitle "GM"]
[BlackTitle "GM"]
[WhiteElo "2832"]
[BlackElo "2767"]
[WhiteFideId "1503014"]
[BlackFideId "12573981"]
[EventDate "2024.09.06"]
[EventType "k.o."]

1. d4 Nf6 2. c4 g6 3. Nc3 Bg7 4. e4 d6 5. Be2 O-O 6. Nf3 e5 7. Be3 exd4 8. Nxd4
Re8 9. f3 c6 10. Bf2 d5 11. exd5 cxd5 12. O-O Nc6 13. c5 Be6 14. Qd2 Bf8 15. Kh1
Nd7 16. Na4 Nde5 17. Rfe1 Nxd4 18. Bxd4 Nc6 19. Bb5 Nxd4 20. Bxe8 Bg7 21. Bxf7+
Bxf7 22. Qf2 Qa5 23. Nc3 Nc6 24. a3 Bd4 25. Qd2 Qxc5 26. Rad1 Rd8 27. Qg5 Kg7
28. h3 Bf6 29. Ne4 Bxg5 30. Nxc5 Bf6 31. Nxb7 Rb8 32. Nd6 d4 33. Rc1 Ne7 34. Rc7
Rd8 35. Ne4 Nf5 36. Rxa7 d3 37. g4 Nh4 38. Rd1 h6 39. Nc5 Re8 40. Ne4 Rd8 41.
Nc5 Re8 42. Ne4 Rc8 43. Rxf7+ 1-0

[Event "SpeedChess Final 2024"]
[Site "Paris FRA"]
[Date "2024.09.08"]
[Round "2.18"]
[White "Firouzja, Alireza"]
[Black "Carlsen, Magnus"]
[Result "0-1"]
[WhiteTitle "GM"]
[BlackTitle "GM"]
[WhiteElo "2767"]
[BlackElo "2832"]
[WhiteFideId "12573981"]
[BlackFideId "1503014"]
[EventDate "2024.09.06"]
[EventType "k.o."]

1. d4 Nf6 2. Nc3 d5 3. Bf4 c5 4. e3 cxd4 5. exd4 a6 6. Nf3 Nc6 7. Ne5 e6 8. g3
Bd6 9. Bg2 O-O 10. O-O Qc7 11. Re1 b5 12. a3 Bb7 13. h4 Rac8 14. Na2 Bxe5 15.
dxe5 Nd7 16. Qh5 Ne7 17. c3 d4 18. Bxb7 Qxb7 19. Rad1 Nf5 20. cxd4 Nb6 21. Nc3
Rfd8 22. Ne4 Nxd4 23. Rd3 Nf5 24. Qf3 Qa8 25. Bg5 Rxd3 26. Qxd3 Qd5 27. Qf3 Nc4
28. Rc1 h6 29. Bf4 Nd4 30. Qd3 Rd8 31. b3 Nxe5 32. Bxe5 Qxe5 33. Rc5 Qb8 34. Qe3
Qb7 35. b4 Nf5 36. Qf3 Qd7 37. g4 Nxh4 38. Qg3 Qd1+ 39. Kh2 Nf3+ 40. Kg2 Qg1+
41. Kxf3 Rd3+ 42. Ke2 Rxg3 0-1

[Event "SpeedChess Final 2024"]
[Site "Paris FRA"]
[Date "2024.09.08"]
[Round "2.19"]
[White "Carlsen, Magnus"]
[Black "Firouzja, Alireza"]
[Result "1-0"]
[WhiteTitle "GM"]
[BlackTitle "GM"]
[WhiteElo "2832"]
[BlackElo "2767"]
[WhiteFideId "1503014"]
[BlackFideId "12573981"]
[EventDate "2024.09.06"]
[EventType "k.o."]

1. e4 c5 2. Nf3 d6 3. Bc4 Nf6 4. d3 e6 5. O-O Nc6 6. Re1 Be7 7. Bb3 O-O 8. c3 a6
9. d4 d5 10. e5 Ne4 11. Nbd2 Nxd2 12. Bxd2 cxd4 13. cxd4 Bd7 14. Bc2 Rc8 15. g3
Na5 16. h4 Nc4 17. Bc1 Qb6 18. Rb1 h6 19. Qd3 f5 20. exf6 Bxf6 21. Qh7+ Kf7 22.
Bxh6 Bxd4 23. Kg2 Bf6 24. b3 Na3 25. Bg6+ Ke7 26. Bxg7 Bxg7 27. Qxg7+ Kd6 28.
Qe5+ Ke7 29. Qg7+ Kd6 30. Rbd1 Nc2 31. Re2 Nb4 32. Qe5+ Ke7 33. a3 Nc6 34. Qxd5
Rcd8 35. Qg5+ Rf6 36. Be4 Rf8 37. b4 Be8 38. h5 Nd8 39. Ne5 Nf7 40. Ng6# 1-0

[Event "SpeedChess Final 2024"]
[Site "Paris FRA"]
[Date "2024.09.08"]
[Round "2.20"]
[White "Firouzja, Alireza"]
[Black "Carlsen, Magnus"]
[Result "0-1"]
[WhiteTitle "GM"]
[BlackTitle "GM"]
[WhiteElo "2767"]
[BlackElo "2832"]
[WhiteFideId "12573981"]
[BlackFideId "1503014"]
[EventDate "2024.09.06"]
[EventType "k.o."]

1. e4 e5 2. Nf3 Nc6 3. Bb5 a6 4. Ba4 Nf6 5. O-O Be7 6. Re1 b5 7. Bb3 O-O 8. a4
Rb8 9. c3 d6 10. h3 b4 11. d3 bxc3 12. bxc3 Na5 13. Bc2 c5 14. Nbd2 Qc7 15. Nf1
c4 16. d4 Nb3 17. Rb1 Qa5 18. Bg5 Qxc3 19. Re3 Qa5 20. Bxb3 cxb3 21. Rexb3 Rxb3
22. Qxb3 exd4 23. Ng3 Re8 24. Nxd4 Qxg5 25. Qd3 d5 26. Nc6 Bf8 27. e5 Ne4 28.
Qxd5 Nxg3 29. fxg3 Qxg3 30. Nd8 Be6 31. Nxe6 Rxe6 32. Rb8 Qxe5 0-1

[Event "SpeedChess Final 2024"]
[Site "Paris FRA"]
[Date "2024.09.08"]
[Round "2.21"]
[White "Carlsen, Magnus"]
[Black "Firouzja, Alireza"]
[Result "1/2-1/2"]
[WhiteTitle "GM"]
[BlackTitle "GM"]
[WhiteElo "2832"]
[BlackElo "2767"]
[WhiteFideId "1503014"]
[BlackFideId "12573981"]
[EventDate "2024.09.06"]
[EventType "k.o."]

1. e4 Nf6 2. e5 Nd5 3. c4 Nb6 4. d4 d6 5. f4 Bf5 6. Nc3 e6 7. Nf3 Nc6 8. Be3 d5
9. c5 Nc4 10. Bf2 Nxb2 11. Qb3 Nc4 12. Bxc4 dxc4 13. Qxb7 Na5 14. Qb5+ c6 15.
Qa4 Bd3 16. Bh4 Qc7 17. Kf2 Rb8 18. Rhd1 h6 19. Kg1 Be7 20. Bxe7 Kxe7 21. Ne1
Bf5 22. Nc2 Rhd8 23. Rab1 Rxb1 24. Rxb1 Bxc2 25. Qxc2 Rxd4 26. Qh7 Nb7 27. Qxg7
Nd8 28. Qxh6 Qa5 29. Qh4+ Kd7 30. Qe1 Rd3 31. Ne4 Qxa2 32. Ra1 Qc2 33. Rc1 Qb2
34. Rxc4 Nb7 35. h3 a5 36. Kh2 Rd4 37. Rxd4+ Qxd4 38. h4 a4 39. h5 a3 40. Qd2
Qxd2 41. Nxd2 Nxc5 42. h6 a2 43. h7 a1=Q 44. h8=Q Qd4 45. Qf6 Qxd2 46. Qxf7+ Kc8
47. Qf8+ Kd7 48. Qxc5 Qxf4+ 49. Kh3 Qf5+ 50. g4 Qd3+ 51. Kh4 Qd5 52. Qa7+ Ke8
53. Qb8+ Kf7 54. Kh5 Qh1+ 55. Kg5 Qc1+ 56. Kh5 Qh1+ 57. Kg5 Qc1+ 58. Kh5 Qh1+ 1/2-1/2

[Event "SpeedChess Final 2024"]
[Site "Paris FRA"]
[Date "2024.09.08"]
[Round "2.22"]
[White "Firouzja, Alireza"]
[Black "Carlsen, Magnus"]
[Result "1-0"]
[WhiteTitle "GM"]
[BlackTitle "GM"]
[WhiteElo "2767"]
[BlackElo "2832"]
[WhiteFideId "12573981"]
[BlackFideId "1503014"]
[EventDate "2024.09.06"]
[EventType "k.o."]

1. e4 e5 2. Nf3 Nc6 3. Bc4 Nf6 4. Ng5 d5 5. exd5 Nxd5 6. Nxf7 Kxf7 7. Qf3+ Ke6
8. Nc3 Ne7 9. O-O c6 10. d4 b5 11. Bb3 a5 12. Re1 Ng6 13. Ne4 Be7 14. dxe5 Rf8
15. Qh5 a4 16. Qxh7 Nxe5 17. Bxd5+ cxd5 18. Nc3 Bc5 19. Be3 d4 20. Ne4 dxe3 21.
Nxc5+ Kd6 22. Rxe3 Kxc5 23. Rxe5+ Kb6 24. Qxg7 Qf6 25. Qg3 Qf4 26. Qxf4 Rxf4 27.
g3 Rc4 28. c3 a3 29. bxa3 Rxa3 30. h4 Raxc3 31. h5 Bb7 32. Kh2 Rc2 33. Rf5 Be4
34. Rf6+ Ka5 35. g4 R4c3 36. h6 Kb4 37. Rf4 Rc4 38. Kg3 R2c3+ 39. Kh4 Bh7 40.
Rf7 Rc7 41. Rxc7 Rxc7 42. f4 Kc5 43. Rc1+ Kd6 44. Rxc7 Kxc7 45. Kg5 1-0

[Event "SpeedChess Final 2024"]
[Site "Paris FRA"]
[Date "2024.09.08"]
[Round "2.23"]
[White "Carlsen, Magnus"]
[Black "Firouzja, Alireza"]
[Result "0-1"]
[WhiteTitle "GM"]
[BlackTitle "GM"]
[WhiteElo "2832"]
[BlackElo "2767"]
[WhiteFideId "1503014"]
[BlackFideId "12573981"]
[EventDate "2024.09.06"]
[EventType "k.o."]

1. d4 Nf6 2. c4 g6 3. Nc3 d6 4. e4 Bg7 5. Nf3 O-O 6. Be2 e5 7. O-O h6 8. dxe5
dxe5 9. Qxd8 Rxd8 10. Be3 Bg4 11. Rfd1 Nc6 12. h3 Bxf3 13. Bxf3 Nd4 14. Bxd4
exd4 15. Nd5 c6 16. Nxf6+ Bxf6 17. Be2 g5 18. Bd3 Be5 19. g3 Kf8 20. Rf1 Ke7 21.
f4 gxf4 22. gxf4 Rg8+ 23. Kh2 Bc7 24. Rf3 Rg7 25. Rg1 Rag8 26. Rxg7 Rxg7 27. c5
f6 28. b4 b6 29. Bc2 bxc5 30. bxc5 h5 31. Ba4 Kd7 32. Kh1 h4 33. Bd1 Ba5 34. Ra3
Bc7 35. Bg4+ Ke8 36. Rxa7 d3 37. Ra8+ Ke7 38. Ra7 Rxg4 39. Rxc7+ Kd8 40. Rxc6
Rg7 41. Rb6 Kc7 42. Rb1 Kc6 43. Rd1 Rg3 44. a4 Kxc5 45. a5 Kd4 46. a6 Kxe4 47.
a7 Rg8 48. Re1+ Kxf4 49. Re7 d2 50. Rd7 Ke3 51. Re7+ Kf2 52. Rd7 Ke2 53. Re7+
Kd1 54. Rd7 Rc8 55. Rc7 Re8 56. Re7 Ra8 57. Kg2 Kc2 58. Rc7+ Kd3 59. Rd7+ Ke3
60. Re7+ Kf4 61. Rd7 Rxa7 62. Rxd2 Ra3 63. Rd4+ Kg5 64. Rg4+ Kh5 65. Rf4 Rg3+
66. Kh2 Kg5 67. Ra4 f5 68. Ra8 Rb3 69. Ra4 Re3 70. Rb4 Re4 71. Rb2 Kf4 72. Kg2
Rd4 73. Ra2 Ke5 74. Ra5+ Ke4 75. Ra2 Rd3 76. Rb2 Ke3 0-1

[Event "SpeedChess Final 2024"]
[Site "Paris FRA"]
[Date "2024.09.08"]
[Round "2.24"]
[White "Firouzja, Alireza"]
[Black "Carlsen, Magnus"]
[Result "0-1"]
[WhiteTitle "GM"]
[BlackTitle "GM"]
[WhiteElo "2767"]
[BlackElo "2832"]
[WhiteFideId "12573981"]
[BlackFideId "1503014"]
[EventDate "2024.09.06"]
[EventType "k.o."]

1. e4 c5 2. Nf3 Nc6 3. d4 cxd4 4. Nxd4 Nf6 5. Nc3 e5 6. Ndb5 d6 7. Nd5 Nxd5 8.
exd5 Nb8 9. Qf3 Be7 10. Qa3 O-O 11. Bd2 Na6 12. Be2 Nc5 13. Be3 b6 14. b4 Nd7
15. c4 a6 16. O-O f5 17. f4 Bb7 18. Nc3 Bf6 19. Rae1 a5 20. bxa5 Nc5 21. Qb4
Rxa5 22. Rb1 Ba6 23. Kh1 exf4 24. Bxf4 Bxc3 25. Qxc3 Rxa2 26. Bf3 Ra4 27. Rb4
Rxb4 28. Qxb4 Nd3 29. Qxd6 Bxc4 30. Qe6+ Kh8 31. Bd6 Re8 32. Qf7 Nf2+ 33. Kg1
Bxf1 34. Kxf2 Bb5 35. Bg3 Rf8 36. Qa7 f4 0-1

[Event "SpeedChess Final 2024"]
[Site "Paris FRA"]
[Date "2024.09.08"]
[Round "2.25"]
[White "Carlsen, Magnus"]
[Black "Firouzja, Alireza"]
[Result "1-0"]
[WhiteTitle "GM"]
[BlackTitle "GM"]
[WhiteElo "2832"]
[BlackElo "2767"]
[WhiteFideId "1503014"]
[BlackFideId "12573981"]
[EventDate "2024.09.06"]
[EventType "k.o."]

1. e4 g6 2. d4 Bg7 3. Nf3 d6 4. Bd3 c5 5. dxc5 Qa5+ 6. c3 Qxc5 7. O-O Nc6 8. h3
Nf6 9. Be3 Qa5 10. Nbd2 O-O 11. a4 Be6 12. Re1 Rac8 13. Nd4 Nxd4 14. Bxd4 a6 15.
b4 Qc7 16. a5 Nd7 17. Rc1 Ne5 18. Bf1 g5 19. c4 h6 20. Re3 Ng6 21. Nf3 Be5 22.
Nxe5 dxe5 23. Bb6 Qb8 24. b5 Rfe8 25. bxa6 bxa6 26. c5 Qa8 27. f3 Nf8 28. Rd3
Qc6 29. Rd2 Ra8 30. Ra1 Nd7 31. Qa4 Rec8 32. Qxc6 Rxc6 33. Rc1 Kf8 34. Be2 Ke8
35. Bd1 Rac8 36. Ba4 f6 37. Rcd1 Nf8 38. Rd8+ Kf7 39. Rxc8 Rxc8 40. c6 Ng6 41.
c7 Nf4 42. Rd8 Ne2+ 43. Kf2 Nd4 44. Bd7 Bxd7 45. Rxd7 Ne6 46. Rd8 Rxc7 47. Bxc7
Nxc7 48. Rc8 1-0

[Event "SpeedChess Final 2024"]
[Site "Paris FRA"]
[Date "2024.09.08"]
[Round "2.26"]
[White "Firouzja, Alireza"]
[Black "Carlsen, Magnus"]
[Result "0-1"]
[WhiteTitle "GM"]
[BlackTitle "GM"]
[WhiteElo "2767"]
[BlackElo "2832"]
[WhiteFideId "12573981"]
[BlackFideId "1503014"]
[EventDate "2024.09.06"]
[EventType "k.o."]

1. d4 Nf6 2. c4 g6 3. Nc3 Bg7 4. e4 d6 5. Nf3 O-O 6. h3 c5 7. d5 e6 8. Bd3 Nbd7
9. O-O e5 10. Be3 Nh5 11. a3 Nf4 12. b4 b6 13. Rb1 Nxd3 14. Qxd3 a6 15. Rfe1 h6
16. Qd2 Kh7 17. Na4 f5 18. bxc5 bxc5 19. Qc2 f4 20. Bd2 g5 21. Rb2 h5 22. Nb6
Nxb6 23. Ba5 g4 24. Bxb6 Qf6 25. Nh2 gxh3 26. gxh3 Bxh3 27. Rb3 Qg6+ 0-1

[Event "SpeedChess Final 2024"]
[Site "Paris FRA"]
[Date "2024.09.08"]
[Round "2.27"]
[White "Carlsen, Magnus"]
[Black "Firouzja, Alireza"]
[Result "1-0"]
[WhiteTitle "GM"]
[BlackTitle "GM"]
[WhiteElo "2832"]
[BlackElo "2767"]
[WhiteFideId "1503014"]
[BlackFideId "12573981"]
[EventDate "2024.09.06"]
[EventType "k.o."]

1. e4 e5 2. Nf3 Nc6 3. Bc4 Nf6 4. d3 Be7 5. O-O O-O 6. a4 d6 7. Re1 a6 8. Nc3
Re8 9. Ng5 Rf8 10. Nf3 h6 11. Nd5 Re8 12. a5 Bf8 13. c3 Nxd5 14. exd5 Ne7 15. d4
exd4 16. Nxd4 Nf5 17. Rxe8 Qxe8 18. Nf3 Bd7 19. Bd3 g6 20. Qb3 Qc8 21. Bd2 Bg7
22. Re1 Rb8 23. g4 b6 24. gxf5 Bxf5 25. Qc2 Bh3 26. Qa4 bxa5 27. Bc1 Kh7 28. Qh4
Bf6 29. Qxh6+ Kg8 30. Qf4 Kg7 31. Bf1 Bf5 32. Nd4 Bxd4 33. Qxd4+ Kg8 34. Bh6 1-0

[Event "SpeedChess Final 2024"]
[Site "Paris FRA"]
[Date "2024.09.08"]
[Round "2.28"]
[White "Firouzja, Alireza"]
[Black "Carlsen, Magnus"]
[Result "0-1"]
[WhiteTitle "GM"]
[BlackTitle "GM"]
[WhiteElo "2767"]
[BlackElo "2832"]
[WhiteFideId "12573981"]
[BlackFideId "1503014"]
[EventDate "2024.09.06"]
[EventType "k.o."]

1. d4 Nf6 2. c4 d6 3. Nf3 Nbd7 4. g3 g6 5. Bg2 Bg7 6. Nc3 O-O 7. O-O e5 8. e4 b6
9. d5 a5 10. Ne1 Nc5 11. Nd3 Nxd3 12. Qxd3 Nd7 13. Be3 f5 14. a3 f4 15. Bd2 Nc5
16. Qc2 f3 17. Bh1 a4 18. Be3 Bd7 19. Qd1 Qf6 20. Bxc5 bxc5 21. Re1 g5 22. Nb5
Bxb5 23. cxb5 g4 24. h4 Rfb8 25. Qd3 Qf7 26. b3 Qd7 27. bxa4 Rxa4 28. Reb1 Bh6
29. Qc2 Rba8 30. b6 cxb6 31. Rxb6 Rxa3 32. Rxa3 Rxa3 33. Qb2 Ra7 34. Kh2 Kg7 35.
Rc6 Rb7 36. Qa2 Ra7 37. Qb2 Qb7 38. Qc3 Ra2 39. Rxd6 Rxf2+ 40. Kg1 Qb2 41. Qxb2
Rxb2 42. Rc6 Be3+ 0-1

[Event "SpeedChess Final 2024"]
[Site "Paris FRA"]
[Date "2024.09.08"]
[Round "2.29"]
[White "Carlsen, Magnus"]
[Black "Firouzja, Alireza"]
[Result "1-0"]
[WhiteTitle "GM"]
[BlackTitle "GM"]
[WhiteElo "2832"]
[BlackElo "2767"]
[WhiteFideId "1503014"]
[BlackFideId "12573981"]
[EventDate "2024.09.06"]
[EventType "k.o."]

1. e4 c5 2. Nf3 Nc6 3. d4 cxd4 4. Nxd4 Nf6 5. Nc3 e5 6. Ndb5 Bc5 7. Nd6+ Ke7 8.
Nf5+ Kf8 9. Be3 Bb4 10. Ng3 d5 11. Bd2 d4 12. Nb1 Bd6 13. Bd3 h5 14. h3 h4 15.
Ne2 Nh5 16. c3 g5 17. Na3 Bxa3 18. bxa3 Nf4 19. Nxf4 gxf4 20. Bb5 Rg8 21. Bxc6
bxc6 22. cxd4 Qxd4 23. Bb4+ Ke8 24. Qxd4 exd4 25. Rd1 Rxg2 26. Rxd4 Be6 27. Ke2
Rd8 28. Rxd8+ Kxd8 29. Kf3 Rg6 30. Kxf4 Bxa2 31. Rd1+ Ke8 32. Ba5 Be6 33. Rd8+
Ke7 34. Ra8 Bxh3 35. Rxa7+ Ke6 36. Bd8 f5 37. exf5+ Bxf5 38. Re7+ Kd6 39. Kxf5
Rg8 40. Re6+ Kd5 41. Bxh4 1-0

[Event "SpeedChess Final 2024"]
[Site "Paris FRA"]
[Date "2024.09.08"]
[Round "2.30"]
[White "Firouzja, Alireza"]
[Black "Carlsen, Magnus"]
[Result "0-1"]
[WhiteTitle "GM"]
[BlackTitle "GM"]
[WhiteElo "2767"]
[BlackElo "2832"]
[WhiteFideId "12573981"]
[BlackFideId "1503014"]
[EventDate "2024.09.06"]
[EventType "k.o."]

1. e4 e5 2. Nf3 Nc6 3. Bb5 a6 4. Bxc6 dxc6 5. O-O Qf6 6. d3 Ne7 7. Be3 Ng6 8.
Nbd2 c5 9. Re1 b6 10. c3 Bb7 11. d4 exd4 12. cxd4 cxd4 13. Bxd4 Qe6 14. Rc1 c5
15. Be3 Be7 16. e5 O-O 17. Nc4 Rad8 18. Qe2 Rfe8 19. b3 h6 20. Rcd1 Rxd1 21.
Rxd1 Bxf3 22. Qxf3 b5 23. Na5 Nxe5 24. Qe4 c4 25. bxc4 Bb4 26. Nb7 Nxc4 27. Qxe6
Rxe6 28. Bc5 Bxc5 29. Nxc5 Re2 30. Nxa6 Rxa2 31. Nb4 Rb2 32. Nd3 Rd2 33. Rxd2
Nxd2 34. f3 Kf8 35. Kf2 Nc4 36. Ke2 Ke7 37. Kd1 Ne3+ 0-1

[Event "SpeedChess Final 2024"]
[Site "Paris FRA"]
[Date "2024.09.08"]
[Round "2.31"]
[White "Carlsen, Magnus"]
[Black "Firouzja, Alireza"]
[Result "1-0"]
[WhiteTitle "GM"]
[BlackTitle "GM"]
[WhiteElo "2832"]
[BlackElo "2767"]
[WhiteFideId "1503014"]
[BlackFideId "12573981"]
[EventDate "2024.09.06"]
[EventType "k.o."]

1. e4 e6 2. d4 d5 3. exd5 exd5 4. Nf3 Bd6 5. c4 Nf6 6. c5 Be7 7. h3 O-O 8. Bd3
Nc6 9. O-O Ne4 10. Nc3 Bf5 11. Re1 Bf6 12. Nxe4 dxe4 13. Bxe4 Bxe4 14. Rxe4 Qd5
15. Rf4 Rad8 16. Be3 Rfe8 17. Qc2 Nb4 1-0